ბათუმის შოთა რუსთაველის სახელმწიფო უნივერსიტეტის ბიბლიოთეკა

ქართული ენა და ლიტერატურა (ბიბ.ჩანაწერი № 49194)

000 -LEADER
fixed length control field 01284nam a2200265Ia 4500
001 - CONTROL NUMBER
control field 16105
003 - CONTROL NUMBER IDENTIFIER
control field GE_BSU
008 - FIXED-LENGTH DATA ELEMENTS--GENERAL INFORMATION
fixed length control field 181216s||||||||xx |||||||||||||| ||und||
020 ## - INTERNATIONAL STANDARD BOOK NUMBER
International Standard Book Number 978-9941-9350-4-6
040 ## - CATALOGING SOURCE
Transcribing agency GE_BSU
080 ## - UNIVERSAL DECIMAL CLASSIFICATION NUMBER
Universal Decimal Classification number 811.353.1 + 821.353.1+331.547
100 ## - MAIN ENTRY--PERSONAL NAME
Personal name ხაზარაძე, ნათელა
245 ## - TITLE STATEMENT
Title ქართული ენა და ლიტერატურა
245 ## - TITLE STATEMENT
Remainder of title თეორიული საკითხები, სავარჯიშოები, ტესტები, ლიტერატურის თეორიის ლექსიკონი. I-VI კლასის მასწავლებელთათვის
250 ## - EDITION STATEMENT
Edition statement მე-2 გამოცემა
260 ## - PUBLICATION, DISTRIBUTION, ETC.
Place of publication, distribution, etc. თბილისი
260 ## - PUBLICATION, DISTRIBUTION, ETC.
Name of publisher, distributor, etc. უსტარი
260 ## - PUBLICATION, DISTRIBUTION, ETC.
Date of publication, distribution, etc. 2014
300 ## - PHYSICAL DESCRIPTION
Extent 100 გვ. ; 24 სმ
300 ## - PHYSICAL DESCRIPTION
Accompanying material ბიბლიოგრ.: გვ. 100.
653 ## - INDEX TERM--UNCONTROLLED
Uncontrolled term ქართული ენა და ლიტერატურა
653 ## - INDEX TERM--UNCONTROLLED
Uncontrolled term ქართული ენისა და ლიტერატურის მასწავლებლის სასერტიფიკაციო გამოცდის პროგრამა(1-6)
942 ## - ADDED ENTRY ELEMENTS (KOHA)
Koha item type წიგნი
ეგზემპლარები
Withdrawn status Lost status Damaged status Not for loan Date acquired Barcode Date last seen Price effective from Koha item type
        2018-12-17 40059 2018-12-17 2018-12-17 წიგნი
        2018-12-17 40060 2018-12-17 2018-12-17 წიგნი
        2018-12-17 40061 2018-12-17 2018-12-17 წიგნი
        2018-12-17 40062 2018-12-17 2018-12-17 წიგნი
        2018-12-17 40063 2018-12-17 2018-12-17 წიგნი